Organización y dirección de una campaña fitosanitaria de utilidad pública y ámbito provincial, con ampliación a tratamientos contra el Liothrips Oleas (arañuelo del olivo) / (Record no. 24234)

MARC details
000 -LEADER
campo de control de longitud fija 00908nam a2200217 i 4500
001 - NÚMERO DE CONTROL
campo de control 24234
003 - IDENTIFICADOR DE NÚMERO DE CONTROL
campo de control ES-MaACL
005 - FECHA Y HORA DE LA ÚLTIMA TRANSACCIÓN
campo de control 20240304175148.0
007 - CAMPO FIJO DE DESCRIPCIÓN FÍSICA--INFORMACIÓN GENERAL
campo de control de longitud fija t|
008 - DATOS DE LONGITUD FIJA--INFORMACIÓN GENERAL
campo de control de longitud fija 021216s1967 sp ||||1| spa d
080 ## - NÚMERO DE LA CLASIFICACIÓN DECIMAL UNIVERSAL
Número de la Clasificación Decimal Universal 634.63-27
100 1# - ENTRADA PRINCIPAL--NOMBRE DE PERSONA
Nombre de persona Andrés Cantero, Faustino de.
9 (RLIN) 21596
245 10 - MENCIÓN DEL TÍTULO
Título Organización y dirección de una campaña fitosanitaria de utilidad pública y ámbito provincial, con ampliación a tratamientos contra el Liothrips Oleas (arañuelo del olivo) /
Mención de responsabilidad, etc. por Faustino de Andrés Cantero.
260 ## - PUBLICACIÓN, DISTRIBUCIÓN, ETC.
Lugar de publicación, distribución, etc. [Jaén :
Nombre del editor, distribuidor, etc. s.n.,
Fecha de publicación, distribución, etc. 1967] (
Fabricante Imp. Nova)
300 ## - DESCRIPCIÓN FÍSICA
Extensión VIII, 260 p. :
Otras características físicas il. ;
Dimensiones 32 cm.
594 ## - Nota al título y mención de responsabilidad
Nota al título y mención de responsabilidad Precede al tít.: Dirección General de Agricultura. Sección de Fitopatología y Plagas del Campo
650 #4 - PUNTO DE ACCESO ADICIONAL DE MATERIA--TÉRMINO DE MATERIA
Término de materia o nombre geográfico como elemento de entrada Olivos-
Subdivisión general Plagas y enfermedades.
9 (RLIN) 156119
710 1# - ENTRADA AGREGADA--NOMBRE DE ENTIDAD CORPORATIVA
Nombre de entidad corporativa o nombre de jurisdicción como elemento de entrada España.
Unidad subordinada Dirección General de Agricultura
9 (RLIN) 3699
852 4# - LOCALIZACIÓN
Ubicación ES-MaACL
Número de control de estantería C-33372
Holdings
Estatus retirado Estado de pérdida Estado de daño No para préstamo Biblioteca de origen Biblioteca actual Ubicación en estantería Fecha de adquisición Fuente de adquisición Total de préstamos Signatura topográfica completa Código de barras Visto por última vez Precio de reemplazo Tipo de ítem Koha
        Biblioteca del Ateneo de Madrid Biblioteca del Ateneo de Madrid Depósito 2 17/01/2008     C-33372 1024985 23/02/2023 23/02/2023 Libro impreso